Statystyki dla Największe morza na świecie

Kliknij tutaj aby rozwiązać quiz!

Ogólne statystyki

  • Ten quiz został rozwiązany 75 razy
  • Średni wynik to 4 z 10

Statystyki odpowiedzi

Lp.PowierzchniaMorza | zatoka% Poprawnych
7.2,5 mln km²Morze Śródziemne
96%
6.2,754 mln km²Morze Karaibskie
75%
3.3,862 mln km²Morze Arabskie
51%
4.3,5 mln km²Morze Południowochińskie
43%
2.4,791 mln km²Morze Koralowe
38%
9.2,291 mln km²Morze Beringa
35%
10.2,191 mln km²Zatoka Bengalska
22%
1.5,726 mln km²Morze Filipińskie
18%
5.2,8 mln km²Morze Weddella
10%
8.2,33 mln km²Morze Tasmania
3%

Rozkład punktacji

Percentyl według liczby udzielonych odpowiedzi

Procent ludzi z każdym wynikiem

Twoja historia wyników

Nie rozwiązałeś tego quizu